| 000 | 00514nam a2200145 4500 | ||
|---|---|---|---|
| 001 | 7821 | ||
| 005 | 20181127184433.0 | ||
| 090 | 0 | 0 | _a339.35498 N27n 2017 |
| 110 |
_aNational Statistics Bureau, Royal Government of Bhutan. _b _c _d _e _n _p |
||
| 245 | 0 | 0 |
_aAnnual environmental accounts 2017 / _b _cNational Statistics Bureau. _h |
| 260 | 0 | 0 |
_aThimphu : _bNational Statistics Bureau, _c2017. |
| 300 | 0 | 0 | _ax, 60 p. ; 21 cm. |
| 650 | 0 | 0 |
_aNational income --Bhutan --Accounting --Statistics. _x |
| 999 |
_c6712 _d6712 |
||